Statistiken für Liedtext: Zwei kleine Wölfe

Klicken Sie hier um das Quiz zu spielen!

Allgemein

  • Dieses Quiz wurde 115 mal gespielt
  • Das Durchschnittsergebnis liegt bei 39 aus 64

Antwortstatistiken

Antwort% Korrekt
kleine
100%
Wölfe
100%
Zwei
100%
der
92%
im
91%
an
90%
den
90%
den
90%
den
90%
Nachts
89%
Nachts
89%
hört
87%
dem
85%
einen
85%
´nen
85%
zu
85%
Man
84%
Man
84%
wär
84%
wär
84%
anderen
83%
die
83%
Dunkeln
83%
munkeln
81%
Warum
80%
des
79%
des
79%
nur
79%
nur
79%
nur
79%
wir
79%
gehen
78%
gehen
78%
herum
76%
Wenn
76%
sich
75%
immer
74%
krumm
74%
Pfoten
74%
hell
72%
Wurzeln
72%
schon
70%
tritt
70%
ja
69%
heller
65%
Wald
62%
Wenn`s
61%
Sternen
53%
erleuchtet
24%
von
24%
dunklen
8%
Weg
7%
Ihr
3%
Mal
1%
mal
1%
beim
0%
dicken
0%
fliegt
0%
gibt´s
0%
Jedes
0%
riesen
0%
Schreck
0%
Stolpern
0%
Wolken
0%

Verteilung der Resultate

Perzentil nach korrekt beantworteten Fragen

Anzahl Personen mit jedem Resultat

Ihre Resultats-Entwicklung

Sie haben dieses Quiz noch nicht gespielt